| 000 | 01148nam a2200337 i 4500 | ||
|---|---|---|---|
| 001 | 000042539 | ||
| 003 | DO-SdBNP | ||
| 005 | 20250613105203.0 | ||
| 007 | ta | ||
| 008 | 131211s1972 sp 000 0 spa d | ||
| 040 |
_aDO-SdBNP _bspa _cBNPHU _erda |
||
| 041 | 1 | 7 |
_aspa _beng |
| 082 | 4 |
_axxx _bC958t _222 |
|
| 100 | 1 |
_aCésaire, Aimé, _d1913-2008. _969767 _4aut. _eautor |
|
| 240 | 1 | 0 |
_aLa tragédie du Roi Christophe _lEspañol |
| 245 | 1 | 3 |
_aLa Tragedia del Rey Christophe : _buna tempestad / _cAimé Césaire ; traducción de Carmen Kurtz. |
| 264 |
_aBarcelona : _bBarral Editores, _c1972. |
||
| 300 |
_a181 páginas ; _c19 cm. |
||
| 336 |
_atexto _btxt _2rdacontent |
||
| 337 |
_asin mediación _bn _2rdamedia |
||
| 338 |
_avolumen _bnc _2rdacarrier |
||
| 490 | 1 |
_aEdiciones de bolsillo _v176 |
|
| 490 | 1 |
_aLiteratura _ateatro |
|
| 501 | _aEncuadernado con: una tempestad | ||
| 563 | _aDos obras encuadernadas juntas con paginación continua | ||
| 700 | 1 | 2 |
_aKurtz, Carmen _etraductor _969768 _4tr. |
| 740 | 3 | 2 | _aUna tempestad |
| 830 | 0 |
_aLiteratura _pteatro _969769 |
|
| 830 | 0 |
_aEdiciones de bolsillo _n176 _969770 |
|
| 942 |
_2ddc _cLBS1 |
||
| 999 |
_c42028 _d42028 |
||